ARRUPE JESUIT UNIVERSITY

CORONAVIRUS -STOP THE SPREAD - CLEAN,DISINFECT,COVER

The Mathematical foundations of quantum mechanics: (Record no. 122251)

MARC details
000 -LEADER
fixed length control field 00560nam a22001577a 4500
008 - FIXED-LENGTH DATA ELEMENTS--GENERAL INFORMATION
fixed length control field 150303b xxu||||| |||| 00| 0 eng d
050 ## - LIBRARY OF CONGRESS CALL NUMBER
Classification number QC174.12.M28 1963
100 ## - MAIN ENTRY--PERSONAL NAME
Personal name Mackey, Gorge W.
9 (RLIN) 15713
245 ## - TITLE STATEMENT
Title The Mathematical foundations of quantum mechanics:
Remainder of title a lecture- note volume
Statement of responsibility, etc / Gorge W. Mackey
260 ## - PUBLICATION, DISTRIBUTION, ETC. (IMPRINT)
Place of publication, distribution, etc New York
Name of publisher, distributor, etc W.A. Benjamin
Date of publication, distribution, etc 1963
300 ## - PHYSICAL DESCRIPTION
Extent x, 137p. ;
Dimensions 24cm.
440 ## - SERIES STATEMENT/ADDED ENTRY--TITLE
Title The Mathematical physics monograph series
9 (RLIN) 15714
650 ## - SUBJECT ADDED ENTRY--TOPICAL TERM
Topical term or geographic name as entry element Quantum physics
9 (RLIN) 15715
650 ## - SUBJECT ADDED ENTRY--TOPICAL TERM
Topical term or geographic name as entry element Mathematical physics
9 (RLIN) 13931
942 ## - ADDED ENTRY ELEMENTS (KOHA)
Source of classification or shelving scheme Library of Congress Classification
Item type Monograph ( Printed materials)
Holdings
Withdrawn status Lost status Source of classification or shelving scheme Damaged status Not for loan Collection code Home library Current library Shelving location Date acquired Total Checkouts Full call number Barcode Date last seen Date last borrowed Price effective from Koha item type
    Library of Congress Classification     Main Collection ARRUPE LIBRARY ARRUPE LIBRARY Main Collection 03/03/2015 1 QC174.12.M28 1963 46500002817 03/07/2019 30/08/2018 03/03/2015 Monograph ( Printed materials)

 

Arrupe Library. PO Box MP320 Mt Pleasant, Harare, Zimbabwe
263 242 745411|librarian@aju.ac.zw